[Event "SLO-chT1 West 29th"]
[Site "Slovenia"]
[Date "2019.10.20"]
[Round "9.1"]
[White "Beletic, Daniel"]
[Black "Bratko, Ivan"]
[Result "1/2-1/2"]
[WhiteElo "2341"]
[BlackElo "2132"]
[PlyCount "37"]
[EventDate "2019.09.20"]
[EventType "team-tourn"]
[EventRounds "9"]
[EventCountry "SLO"]
[SourceTitle "CBM 192 Extra"]
[Source "Chessbase"]
[SourceDate "2019.11.06"]
[SourceVersion "1"]
[SourceVersionDate "2019.11.06"]
[SourceQuality "1"]
[WhiteTeam "Posocje"]
[BlackTeam "Domzale Tajfun"]
[WhiteTeamCountry "SLO"]
[BlackTeamCountry "SLO"]

1. d4 Nf6 2. c4 g6 3. Nc3 Bg7 4. e4 d6 5. Nge2 e5 6. d5 Nbd7 7. Ng3 a5 8. Be2 Nc5 9. h4 h5 10. Bg5 c6 11. b3 cxd5 12. cxd5 Qb6 13. Rb1 Bd7 14. a3 0-0 15. Be3 Qc7 16. Rc1 Qb6 17. Rb1 Qc7 18. Rc1 Qb6 19. Rb1 1/2-1/2

[Event "Ljubljana-chT 69th Superliga"]
[Site "Ljubljana"]
[Date "2016.02.18"]
[Round "4.3"]
[White "Bratko, Ivan"]
[Black "Skok, Joze"]
[Result "0-1"]
[WhiteElo "2205"]
[BlackElo "2033"]
[PlyCount "58"]
[EventDate "2016.01.14"]
[EventType "team-tourn"]
[EventRounds "9"]
[EventCountry "SLO"]
[SourceTitle "EXT 2022"]
[Source "ChessBase"]
[SourceDate "2021.10.06"]
[SourceVersion "1"]
[SourceVersionDate "2021.10.06"]
[SourceQuality "1"]
[WhiteTeam "Mentor"]
[BlackTeam "Domzale SD"]
[WhiteTeamCountry "SLO"]
[BlackTeamCountry "SLO"]

1. Nf3 Nf6 2. g3 g6 3. Bg2 Bg7 4. 0-0 0-0 5. d3 d5 6. Nbd2 c5 7. e4 Nc6 8. c3 Bg4 9. h3 dxe4 10. dxe4 Be6 11. Re1 h6 12. Qe2 a6 13. a4 Qc7 14. Nc4 b5 15. Bf4 Bxc4 16. Bxc7 Bxe2 17. Rxe2 Rac8 18. Bf4 b4 19. cxb4 cxb4 20. Rc1 g5 21. Be3 b3 22. Nd2 Nd4 23. Bxd4 Rxc1+ 24. Kh2 Rc2 25. e5 Rd8 26. exf6 Bxf6 27. Be4 Rxd4 28. Bxc2 bxc2 29. Nb3 Rc4 0-1

[Event "SLO-chT1 West"]
[Site "Ljubljana"]
[Date "2015.11.29"]
[Round "8"]
[White "Srebrnic, Marko"]
[Black "Bratko, Ivan"]
[Result "1-0"]
[WhiteElo "2381"]
[BlackElo "2200"]
[PlyCount "131"]
[EventDate "2015.10.16"]
[EventType "team-tourn"]
[EventRounds "9"]
[EventCountry "SLO"]
[SourceTitle "EXT 2019"]
[Source "ChessBase"]
[SourceDate "2018.10.10"]
[SourceVersion "1"]
[SourceVersionDate "2018.10.10"]
[SourceQuality "1"]
[WhiteTeam "Nova Gorica"]
[BlackTeam "Domzale"]
[WhiteTeamCountry "SLO"]
[BlackTeamCountry "SLO"]

1. d4 Nf6 2. Nc3 d5 3. Bf4 Bf5 4. e3 e6 5. h3 Bd6 6. Bd3 Bg6 7. Nge2 Nc6 8. Bg5 Be7 9. f3 Qd7 10. Nf4 Nh5 11. Nxg6 hxg6 12. Bxe7 Qxe7 13. Qd2 Qh4+ 14. Qf2 Ng3 15. Rg1 0-0-0 16. Ne2 Nf5 17. Qxh4 Rxh4 18. Kf2 Nb4 19. Bxf5 gxf5 20. Rgc1 g5 21. a3 Nc6 22. Rd1 Rg8 23. Rac1 Ne7 24. b3 Kd7 25. c4 c6 26. Rh1 Rgh8 27. Ng1 Ng6 28. g3 R4h7 29. f4 f6 30. Kg2 e5 31. dxe5 gxf4 32. e6+ Kxe6 33. cxd5+ cxd5 34. exf4 Ne7 35. Nf3 Rg7 36. Kf2 Rhg8 37. Nd4+ Kd7 38. Rc3 Rh7 39. h4 Rh5 40. Rhc1 Rc8 41. Rxc8 Nxc8 42. Rc5 Ne7 43. b4 a6 44. Rc1 Nc6 45. Ke3 Ne7 46. Nb3 Nc6 47. Nc5+ Kc7 48. Ne6+ Kb6 49. Ng7 Rh8 50. Nxf5 a5 51. bxa5+ Kxa5 52. Rc5+ Ka4 53. Rxd5 b5 54. Rd6 Rc8 55. Rxf6 Kxa3 56. Nd6 Ne7 57. Nxb5+ Kb4 58. Rf7 Nd5+ 59. Ke4 Kxb5 60. Kxd5 Rg8 61. Rb7+ Ka4 62. h5 Rxg3 63. h6 Rh3 64. h7 Ka5 65. f5 Ka6 66. Rg7 1-0

[Event "SLO-chT1 West"]
[Site "Ljubljana"]
[Date "2014.10.11"]
[Round "5"]
[White "Bratko, Ivan"]
[Black "Mencinger, Vojko"]
[Result "1/2-1/2"]
[WhiteElo "2205"]
[BlackElo "2397"]
[PlyCount "61"]
[EventDate "2014.10.03"]
[EventType "team-tourn"]
[EventRounds "9"]
[EventCountry "SLO"]
[SourceTitle "EXT 2019"]
[Source "ChessBase"]
[SourceDate "2018.10.10"]
[SourceVersion "1"]
[SourceVersionDate "2018.10.10"]
[SourceQuality "1"]
[WhiteTeam "Domzale"]
[BlackTeam "Gorenjka Lesce"]
[WhiteTeamCountry "SLO"]
[BlackTeamCountry "SLO"]

1. e4 c5 2. Nf3 e6 3. d4 cxd4 4. Nxd4 a6 5. Nc3 b5 6. g3 Bb7 7. Bg2 d6 8. 0-0 Nd7 9. Re1 Rc8 10. a4 bxa4 11. Nxa4 Be7 12. Bd2 Qc7 13. Ra3 Bf6 14. Rc3 Qb8 15. Rxc8+ Bxc8 16. Ba5 Ne7 17. Re3 0-0 18. Rb3 Qa7 19. Nb6 Nc5 20. Nxc8 Rxc8 21. Bb6 Qd7 22. Rb4 d5 23. Bxc5 Rxc5 24. Rb8+ Rc8 25. Rxc8+ Qxc8 26. exd5 Nxd5 27. Bxd5 exd5 28. c3 g6 29. Nc2 Qb7 30. Nd4 Qc8 31. Qe2 1/2-1/2

[Event "SLO-chT1 West"]
[Site "Ljubljana"]
[Date "2014.10.04"]
[Round "2"]
[White "Drnovsek, Gal"]
[Black "Bratko, Ivan"]
[Result "1-0"]
[WhiteElo "2222"]
[BlackElo "2205"]
[PlyCount "53"]
[EventDate "2014.10.03"]
[EventType "team-tourn"]
[EventRounds "9"]
[EventCountry "SLO"]
[SourceTitle "EXT 2019"]
[Source "ChessBase"]
[SourceDate "2018.10.10"]
[SourceVersion "1"]
[SourceVersionDate "2018.10.10"]
[SourceQuality "1"]
[WhiteTeam "Tomo Zupan Vzajemna"]
[BlackTeam "Domzale"]
[WhiteTeamCountry "SLO"]
[BlackTeamCountry "SLO"]

1. d4 Nf6 2. c4 g6 3. Nc3 Bg7 4. e4 d6 5. f3 0-0 6. Be3 e5 7. d5 c6 8. Bd3 cxd5 9. cxd5 a6 10. Nge2 Nbd7 11. 0-0 b5 12. b4 Nb6 13. a4 Nc4 14. Bxc4 bxc4 15. Qc2 Bd7 16. b5 Qa5 17. b6 Rab8 18. Rfb1 Rb7 19. Nb5 Ne8 20. Na7 Bh6 21. Bxh6 Qc5+ 22. Kh1 Ng7 23. a5 f5 24. Nc3 Rf7 25. Na4 Qd4 26. Rd1 Bxa4 27. Rxa4 1-0

[Event "Ljubljana-chT 65th Superliga"]
[Site "Ljubljana"]
[Date "2012.03.15"]
[Round "8.2"]
[White "Vidic, Teja"]
[Black "Bratko, Ivan"]
[Result "1-0"]
[WhiteElo "1884"]
[BlackElo "2214"]
[PlyCount "147"]
[EventDate "2012.01.12"]
[EventType "team-tourn"]
[EventRounds "9"]
[EventCountry "SLO"]
[SourceTitle "EXT 2022"]
[Source "ChessBase"]
[SourceDate "2021.10.06"]
[SourceVersion "1"]
[SourceVersionDate "2021.10.06"]
[SourceQuality "1"]
[WhiteTeam "Komenda Pogi"]
[BlackTeam "Mentor"]
[WhiteTeamCountry "SLO"]
[BlackTeamCountry "SLO"]

1. e4 c5 2. c3 Nf6 3. e5 Nd5 4. d4 cxd4 5. Nf3 e6 6. cxd4 d6 7. Bc4 Nb6 8. Bd3 Nc6 9. 0-0 dxe5 10. dxe5 Nb4 11. Be4 Qxd1 12. Rxd1 Bd7 13. Nc3 Bc6 14. Nd4 Bxe4 15. Nxe4 a6 16. b3 Be7 17. Bg5 Bxg5 18. Nxg5 Ke7 19. a3 N4d5 20. Rac1 Rac8 21. Ne4 Nd7 22. Nd6 Rxc1 23. Rxc1 Rb8 24. Nf3 f6 25. Nc8+ Kd8 26. Nd6 Nxe5 27. Nxe5 fxe5 28. Nf7+ Ke7 29. Nxe5 Kd6 30. Nf7+ Ke7 31. Ne5 Rf8 32. Rc4 Kd6 33. Nd3 b5 34. Rc1 a5 35. Nc5 Rb8 36. f3 b4 37. Ne4+ Kd7 38. a4 h6 39. Rc5 Ra8 40. Nd2 Kd6 41. Rb5 Ke5 42. Nc4+ Kd4 43. Rxa5 Rc8 44. Ra6 Kc3 45. Na5 Rc5 46. Kf2 g5 47. Nb7 Rc7 48. Na5 Nf4 49. Rc6+ Rxc6 50. Nxc6 Kxb3 51. a5 Nd5 52. Ke1 Kc2 53. a6 b3 54. Nd4+ Kc3 55. Ne2+ Kd3 56. Nc1+ Kc2 57. Nxb3 Kxb3 58. a7 Nc7 59. Kf2 Kc4 60. Kg3 Kd4 61. Kg4 Ke3 62. Kh5 Kf2 63. Kxh6 Kxg2 64. Kxg5 Kxf3 65. h4 e5 66. h5 e4 67. h6 e3 68. h7 e2 69. h8Q e1Q 70. Qh5+ Ke3 71. Qh3+ Kd4 72. Qd7+ Nd5 73. a8Q Qe4 74. Qda4+ 1-0

[Event "Ljubljana-chT 65th Superliga"]
[Site "Ljubljana"]
[Date "2012.01.12"]
[Round "1.2"]
[White "Pirnat, Saso"]
[Black "Bratko, Ivan"]
[Result "0-1"]
[WhiteElo "2133"]
[BlackElo "2214"]
[PlyCount "62"]
[EventDate "2012.01.12"]
[EventType "team-tourn"]
[EventRounds "9"]
[EventCountry "SLO"]
[SourceTitle "EXT 2022"]
[Source "ChessBase"]
[SourceDate "2021.10.06"]
[SourceVersion "1"]
[SourceVersionDate "2021.10.06"]
[SourceQuality "1"]
[WhiteTeam "Visnja Gora Sticna"]
[BlackTeam "Mentor"]
[WhiteTeamCountry "SLO"]
[BlackTeamCountry "SLO"]

1. d4 Nf6 2. Nc3 d5 3. e4 dxe4 4. Bg5 Bf5 5. Qe2 Nbd7 6. Qb5 e6 7. Bxf6 gxf6 8. 0-0-0 Bh6+ 9. Kb1 0-0 10. Qe2 Bg7 11. g4 Bg6 12. h4 h6 13. Nxe4 Qe7 14. Bg2 c5 15. h5 Bh7 16. Nf3 Rac8 17. Nc3 cxd4 18. Nxd4 Ne5 19. f4 Nc4 20. Nb3 Na3+ 21. bxa3 Rxc3 22. Be4 f5 23. Bxf5 Bxf5 24. gxf5 Qf6 25. Qe5 Qxe5 26. fxe5 exf5 27. Rhf1 Re8 28. Rxf5 Rxe5 29. Rd8+ Kh7 30. Rxf7 Re1+ 31. Nc1 Rg3 0-1

[Event "Ljubljana-chT 63rd Superliga"]
[Site "Ljubljana"]
[Date "2010.03.18"]
[Round "9.3"]
[White "Bratko, Ivan"]
[Black "Marinsek, Tomaz"]
[Result "1-0"]
[WhiteElo "2221"]
[BlackElo "2167"]
[PlyCount "73"]
[EventDate "2010.01.07"]
[EventType "team-tourn"]
[EventRounds "9"]
[EventCountry "SLO"]
[SourceTitle "EXT 2022"]
[Source "ChessBase"]
[SourceDate "2021.10.06"]
[SourceVersion "1"]
[SourceVersionDate "2021.10.06"]
[SourceQuality "1"]
[WhiteTeam "Mentor"]
[BlackTeam "Klinicni Center"]
[WhiteTeamCountry "SLO"]
[BlackTeamCountry "SLO"]

1. Nf3 d5 2. g3 Nf6 3. Bg2 g6 4. 0-0 Bg7 5. d3 0-0 6. Nbd2 c5 7. e4 dxe4 8. dxe4 Nc6 9. Re1 Bg4 10. h3 Bxf3 11. Qxf3 Nd4 12. Qd1 Nd7 13. a4 Qc7 14. c3 Nc6 15. Qe2 Rad8 16. f4 e5 17. Nc4 Na5 18. Nxa5 Qxa5 19. f5 Qc7 20. Rf1 c4 21. Be3 Nb6 22. f6 Bh8 23. g4 Rd3 24. g5 Qc6 25. Rfd1 Rfd8 26. a5 Qd6 27. Bf3 Nd7 28. b3 Nxf6 29. gxf6 Qxf6 30. bxc4 Rxc3 31. Rxd8+ Qxd8 32. Bxa7 Qg5+ 33. Bg2 Bf6 34. Rf1 Bg7 35. Qf2 f6 36. Rd1 Rxc4 37. Qa2 1-0

[Event "SLO-chT Central Superliga 10th"]
[Site "Slovenija"]
[Date "2009.10.22"]
[Round "6.1"]
[White "Justin, Matjaz"]
[Black "Bratko, Ivan"]
[Result "1/2-1/2"]
[WhiteElo "2354"]
[BlackElo "2222"]
[PlyCount "37"]
[EventDate "2009.09.17"]
[EventType "team-tourn"]
[EventRounds "9"]
[EventCountry "SLO"]
[SourceTitle "EXT 2022"]
[Source "ChessBase"]
[SourceDate "2021.10.06"]
[SourceVersion "1"]
[SourceVersionDate "2021.10.06"]
[SourceQuality "1"]
[WhiteTeam "Vrhnika"]
[BlackTeam "Domzale SD"]
[WhiteTeamCountry "SLO"]
[BlackTeamCountry "SLO"]

1. e4 c5 2. Nf3 e6 3. d4 cxd4 4. Nxd4 a6 5. Bd3 Nc6 6. Nxc6 dxc6 7. 0-0 e5 8. Nd2 Qc7 9. a4 Nf6 10. Nc4 Bc5 11. Kh1 Be6 12. f4 Ng4 13. Qe1 0-0-0 14. Qg3 h5 15. h3 Bxc4 16. Bxc4 Rd1 17. Rxd1 Nf2+ 18. Kh2 Ng4+ 19. Kh1 1/2-1/2

[Event "SLO-chT1a West"]
[Site "Ljubljana"]
[Date "2009.10.10"]
[Round "2.2"]
[White "Bratko, Ivan"]
[Black "Doric, Nenad"]
[Result "1/2-1/2"]
[WhiteElo "2222"]
[BlackElo "2356"]
[PlyCount "72"]
[EventDate "2009.10.09"]
[EventType "team-tourn"]
[EventRounds "9"]
[EventCountry "SLO"]
[SourceTitle "EXT 2012"]
[Source "ChessBase"]
[SourceDate "2011.11.24"]
[SourceVersion "1"]
[SourceVersionDate "2011.11.24"]
[SourceQuality "1"]
[WhiteTeam "Domzale"]
[BlackTeam "Kocevje"]
[WhiteTeamCountry "SLO"]
[BlackTeamCountry "SLO"]

1. e4 c5 2. Nf3 d6 3. d4 Nf6 4. Nc3 cxd4 5. Nxd4 Bd7 6. Be2 Bc6 7. Nxc6 Nxc6 8. Bg5 e6 9. 0-0 a6 10. f4 Be7 11. Bf3 Qc7 12. Qe1 h6 13. Bh4 0-0 14. Kh1 Nd7 15. Bxe7 Nxe7 16. Rd1 Rfd8 17. Qg3 Ng6 18. Bh5 Ngf8 19. e5 dxe5 20. fxe5 Qxe5 21. Bxf7+ Kh8 22. Qh3 Nf6 23. Rde1 Qg5 24. Bxe6 Nxe6 25. Rxe6 Rf8 26. Qg3 Ne4 27. Qe1 Nxc3 28. bxc3 Qd2 29. h3 Rxf1+ 30. Qxf1 Qxc2 31. Qf7 b5 32. Qg6 Qxc3 33. Re8+ Rxe8 34. Qxe8+ Kh7 35. Qe4+ Kg8 36. Qe8+ Kh7 1/2-1/2

[Event "SLO-chT Central Superliga 10th"]
[Site "Slovenija"]
[Date "2009.09.24"]
[Round "2.1"]
[White "Peric, Bernard"]
[Black "Bratko, Ivan"]
[Result "1-0"]
[WhiteElo "1969"]
[BlackElo "2222"]
[PlyCount "71"]
[EventDate "2009.09.17"]
[EventType "team-tourn"]
[EventRounds "9"]
[EventCountry "SLO"]
[SourceTitle "EXT 2022"]
[Source "ChessBase"]
[SourceDate "2021.10.06"]
[SourceVersion "1"]
[SourceVersionDate "2021.10.06"]
[SourceQuality "1"]
[WhiteTeam "Kamnik DU"]
[BlackTeam "Domzale SD"]
[WhiteTeamCountry "SLO"]
[BlackTeamCountry "SLO"]

1. d4 Nf6 2. Bg5 Ne4 3. Bf4 c5 4. f3 Qa5+ 5. c3 Nf6 6. d5 Qb6 7. Bc1 e6 8. dxe6 Qxe6 9. Nh3 d5 10. Na3 Bd7 11. Nf4 Qe5 12. Nd3 Qc7 13. c4 d4 14. e4 dxe3 15. Bxe3 Bd6 16. Qd2 a6 17. Bf4 0-0 18. 0-0-0 Nc6 19. g3 Nd4 20. Bxd6 Qxd6 21. Nxc5 Qxc5 22. Qxd4 Qc6 23. Bg2 Bf5 24. Rhg1 Rac8 25. g4 Be6 26. f4 Qa4 27. g5 Bxc4 28. Kb1 Nh5 29. Bxb7 Rc7 30. Bd5 Bb5 31. Nxb5 Qxb5 32. g6 hxg6 33. Rxg6 Qe2 34. Rg2 Qxd1+ 35. Qxd1 Nxf4 36. Rg4 1-0

[Event "EU-ch Seniors 09th"]
[Site "Rogaska Slatina"]
[Date "2009.07.25"]
[Round "4"]
[White "Bratko, Ivan"]
[Black "Grabow, Pouelsten Holm"]
[Result "1/2-1/2"]
[WhiteElo "2229"]
[BlackElo "2188"]
[PlyCount "60"]
[EventDate "2009.07.22"]
[EventType "swiss"]
[EventRounds "9"]
[EventCountry "SLO"]
[SourceTitle "CBM 131 Extra"]
[Source "ChessBase"]
[SourceDate "2009.09.03"]
[SourceVersion "2"]
[SourceVersionDate "2009.09.16"]
[SourceQuality "1"]

1. e4 e6 2. d4 d5 3. Nc3 Nf6 4. Bg5 Be7 5. Bxf6 Bxf6 6. e5 Be7 7. Qg4 g6 8. h4 h5 9. Qf4 c5 10. dxc5 Bxc5 11. 0-0-0 Bd7 12. Nf3 Qe7 13. Ng5 Nc6 14. Rh3 Nxe5 15. Qxe5 f6 16. Nxd5 exd5 17. Qxd5 fxg5 18. Rc3 Bb6 19. Bd3 Bf5 20. Bxf5 gxf5 21. Qb5+ Kf8 22. Qxf5+ Kg8 23. Rcd3 Rf8 24. Qg6+ Qg7 25. Qe4 Rh6 26. Rd7 Qg6 27. Qd5+ Qe6 28. Qxg5+ Qg6 29. Qd5+ Qe6 30. Qg5+ Qg6 1/2-1/2

[Event "EU-ch Seniors 09th"]
[Site "Rogaska Slatina"]
[Date "2009.07.24"]
[Round "3"]
[White "Stull, Norbert"]
[Black "Bratko, Ivan"]
[Result "0-1"]
[WhiteElo "2156"]
[BlackElo "2229"]
[PlyCount "42"]
[EventDate "2009.07.22"]
[EventType "swiss"]
[EventRounds "9"]
[EventCountry "SLO"]
[SourceTitle "CBM 131 Extra"]
[Source "ChessBase"]
[SourceDate "2009.09.03"]
[SourceVersion "2"]
[SourceVersionDate "2009.09.16"]
[SourceQuality "1"]

1. d4 Nf6 2. c4 g6 3. Nc3 Bg7 4. e4 d6 5. Nf3 0-0 6. Be2 e5 7. 0-0 exd4 8. Nxd4 c6 9. f3 Re8 10. Be3 d5 11. cxd5 cxd5 12. Qb3 dxe4 13. Bc4 Qe7 14. fxe4 Be6 15. Nxe6 fxe6 16. Rad1 Nc6 17. Qb5 Ng4 18. Bg5 Qc7 19. Bf4 Be5 20. Nd5 exd5 21. exd5 Na5 0-1

[Event "SLO-chT2"]
[Site "Ljubljana"]
[Date "2007.11.25"]
[Round "9.1"]
[White "Bratko, Ivan"]
[Black "Ushenina, Anna"]
[Result "0-1"]
[WhiteElo "2247"]
[BlackElo "2486"]
[PlyCount "46"]
[EventDate "2007.11.15"]
[EventType "team"]
[EventRounds "9"]
[EventCountry "SLO"]
[SourceTitle "CBM 121 Extra"]
[Source "ChessBase"]
[SourceDate "2008.01.10"]
[SourceVersion "1"]
[SourceVersionDate "2008.01.10"]
[SourceQuality "1"]
[WhiteTeam "Domzale"]
[BlackTeam "Krka Novo Mesto"]
[WhiteTeamCountry "SLO"]
[BlackTeamCountry "SLO"]

1. e4 d5 2. exd5 Qxd5 3. Nc3 Qd6 4. d4 Nf6 5. Nf3 c6 6. Ne5 Nbd7 7. Bf4 Nd5 8. Nxd5 Qxd5 9. Qd3 Nxe5 10. Bxe5 f6 11. Bg3 Bf5 12. Qe3 Bxc2 13. Be2 e5 14. 0-0 Qxd4 15. Qc1 Bf5 16. Rd1 Qc5 17. Qd2 Be7 18. Rac1 Qb4 19. Rc3 Rd8 20. Qc1 Rxd1+ 21. Qxd1 Be6 22. Bd3 0-0 23. Qh5 e4 0-1

[Event "SLO-chT2"]
[Site "Ljubljana"]
[Date "2007.11.23"]
[Round "6.2"]
[White "Bratko, Ivan"]
[Black "Aljancic, Martin"]
[Result "1/2-1/2"]
[WhiteElo "2247"]
[BlackElo "2173"]
[PlyCount "35"]
[EventDate "2007.11.15"]
[EventType "team"]
[EventRounds "9"]
[EventCountry "SLO"]
[SourceTitle "CBM 121 Extra"]
[Source "ChessBase"]
[SourceDate "2008.01.10"]
[SourceVersion "1"]
[SourceVersionDate "2008.01.10"]
[SourceQuality "1"]
[WhiteTeam "Domzale"]
[BlackTeam "Kranj Stari Mayr"]
[WhiteTeamCountry "SLO"]
[BlackTeamCountry "SLO"]

1. Nf3 Nf6 2. g3 d5 3. Bg2 c6 4. 0-0 Bg4 5. h3 Bxf3 6. Bxf3 e6 7. d3 Bd6 8. e4 0-0 9. Re1 Nbd7 10. Bg2 Qb6 11. Qf3 a5 12. Nd2 a4 13. a3 Rfd8 14. c3 dxe4 15. Nxe4 Nxe4 16. Rxe4 Nc5 17. Re2 Qb5 18. d4 1/2-1/2

[Event "SLO-ch qual"]
[Site "Ljubljana"]
[Date "2007.07.07"]
[Round "3"]
[White "Bratko, Ivan"]
[Black "Barle, Janez"]
[Result "0-1"]
[WhiteElo "2256"]
[BlackElo "2400"]
[PlyCount "128"]
[EventDate "2007.07.05"]
[EventType "swiss"]
[EventRounds "9"]
[EventCountry "SLO"]
[SourceTitle "EXT 2010"]
[Source "ChessBase"]
[SourceDate "2010.11.25"]
[SourceVersion "1"]
[SourceVersionDate "2010.11.25"]
[SourceQuality "1"]

1. e4 c5 2. Nf3 Nc6 3. d4 cxd4 4. Nxd4 g6 5. Nc3 Bg7 6. Nb3 Nf6 7. Be2 d6 8. Bg5 a5 9. a4 0-0 10. 0-0 Be6 11. Kh1 Rc8 12. f4 Nb4 13. Nd4 Bc4 14. Ndb5 d5 15. e5 Bxb5 16. Bxb5 d4 17. exf6 exf6 18. Bh4 dxc3 19. bxc3 Rxc3 20. Qxd8 Rxd8 21. Rad1 Rdc8 22. Rd7 Nxc2 23. Rxb7 Ne3 24. Re1 Nd5 25. f5 Rc1 26. Kg1 Bf8 27. Rxc1 Rxc1+ 28. Kf2 g5 29. Bg3 Bb4 30. Ke2 h5 31. Be8 Ne7 32. h4 Rc2+ 33. Kd1 Rxg2 34. hxg5 Rxg3 35. gxf6 Rd3+ 36. Kc2 Rd8 37. fxe7 Rxe8 38. f6 Kh7 39. Rd7 Bxe7 40. Rxe7 Rc8+ 41. Kd3 Kg6 42. Re5 h4 43. Ke3 Rc2 44. Rxa5 h3 45. Ra8 Ra2 46. Kf4 Kxf6 47. Rh8 Rxa4+ 48. Kg3 Ra3+ 49. Kf4 Kg7 50. Rh5 Kg6 51. Rh8 Rb3 52. Kg4 f5+ 53. Kf4 Ra3 54. Rb8 h2 55. Rh8 Ra2 56. Rh3 Ra4+ 57. Ke5 Re4+ 58. Kd5 Re2 59. Kd4 Kg5 60. Kd3 Kg4 61. Rh8 Ra2 62. Ke3 f4+ 63. Ke4 Re2+ 64. Kd3 f3 0-1